00345nam a2200109Ia 4500008004100000082001500041100001300056245004800069942000600117952009700123999001500220240331s9999 xx 000 0 und d a303.6bBAN aBanks, M 0aEthnicity :b anthropological constructions cL 001040708LaWERCLbWERCLcSSCd2024-03-31l0o 303.6 BANp2412r2024-03-31w2024-03-31yL c1237d1237